|
|
|
|
| LEADER |
00000nab a2200000 a 4500 |
| 001 |
vtls000650586 |
| 003 |
SK-MaSNL |
| 005 |
20260304093930.0 |
| 008 |
250425c1997 xo 0 slo |
| 015 |
|
|
|a SNBRA1998/01-00357
|
| 035 |
|
|
|a CLN000002780
|
| 035 |
|
|
|a urn:nbn:sk:snk-ab7akr
|
| 035 |
|
|
|a (uuid)b52f3425-75ec-4e74-98f1-b46b9c0a363b
|
| 035 |
|
|
|a (urnnbn)urn:nbn:sk:snk:ar-a07dpz
|
| 035 |
|
|
|a (sysno)vtls000650586
|
| 040 |
|
|
|a SNKBUCL
|b slo
|c SNKBUCL
|e AACR2
|
| 041 |
0 |
|
|a slo
|
| 044 |
|
|
|a xo
|c SK
|
| 080 |
|
|
|a 613.2
|2 1997
|
| 245 |
0 |
0 |
|a Annual review of nutrition, vol. 17, 1997
|
| 650 |
0 |
7 |
|a výživa
|x ročenky
|x recenzie
|2 snkbucl
|9 1389698
|
| 655 |
|
7 |
|a články z novín a časopisov
|2 snkbucl
|2 snkbucl
|9 267496
|
| 773 |
0 |
|
|t Eurorehab
|g Roč. 7, č. 3-4 (1997), s. 125
|x 1210-0366
|
| 787 |
0 |
8 |
|i Rec.:
|a McCormic, D.B.
|t Annual review of nutrition
|d Palo Alto : Annual Reviews Inc., 1997
|z 0824328175
|
| 850 |
|
|
|a Slovenská národná knižnica
|
| 852 |
|
|
|a Slovenská národná knižnica
|
| 954 |
|
|
|a odborná, vedecká literatúra pôvodná (slovenská)
|2 lita
|
| 958 |
|
|
|a article27
|
| 958 |
|
|
|a OND
|
| 958 |
|
|
|a EUIPO
|
| 992 |
|
|
|a RBX
|
| 999 |
|
|
|c 2825044
|d 2826974
|